00662nam a2200205Ia 450000500170000000800410001702000180005804000180007604100080009408200210010210000230012324500730014625000120021926000660023130000290029765000300032665000340035665000420039065000240043220220603130630.0210716s2003 xx 000 0 und d a9780070249073 cAIMIT LIBRARY aeng a332.64 23bCHAP aChandra, Prasanna. aInvestment analysis and portfolio management /cBy Prasanna Chandra. a3rd ed. aNew Delhi :bTata McGraw Hill Publishing Company Ltd ,c2008. axxii,734p. ;bPBc24 cm. aInvestment-Capital Market aFinancial statement analysis. aPortfolio theory and capital pricing. aAnalytical methods.